| 000 | 00375nam a2200145Ia 4500 | ||
|---|---|---|---|
| 008 | 150201s2000 xx 000 0 und d | ||
| 082 |
_a617 _bO2000S |
||
| 100 | _aB.SRINIVASAN | ||
| 245 | _aTEXTBOOK OF ORAL AND MAXILLOFACIAL SURGERY | ||
| 250 | _a1ST | ||
| 260 |
_bCHURCHILL LIVINGSTONE _aEDINBURGH _c2000 |
||
| 300 | _a1-391 | ||
| 650 | _aORAL SURGERY | ||
| 942 |
_2ddc _cBK _01 |
||
| 999 |
_c2776 _d2776 |
||